Top 20 Most Popular Girl Names in 2018 - Statistics

General Stats
  • This quiz has been taken 63 times
  • The average score is 11 of 20
Answer Stats
Hint Name % Correct
O Olivia
96%
E Emma
94%
E Emily
79%
I Isabella
79%
A Ava
77%
S Sophia
72%
A Amelia
64%
C Charlotte
62%
M Mia
60%
E Ella
57%
C Chloe
53%
A Abigail
51%
H Harper
51%
E Evelyn
49%
R Riley
43%
A Avery
36%
A Aria
28%
S Scarlett
28%
M Mila
17%
L Luna
13%
No matching quizzes found
Score Distribution
Percent of People with Each Score
Percentile by Number Answered
Your Score History
You have not taken this quiz